A biblical standard for evangelists / (Record no. 2927)

MARC details
000 -LEADER
fixed length control field 00901cam a2200265 a 4500
001 - CONTROL NUMBER
control field 1898278
003 - CONTROL NUMBER IDENTIFIER
control field GBCCL
005 - DATE AND TIME OF LATEST TRANSACTION
control field 20241126110443.0
008 - FIXED-LENGTH DATA ELEMENTS--GENERAL INFORMATION
fixed length control field 840713s1984 mnu 000 0 eng
010 ## -
-- 84051639
020 ## - INTERNATIONAL STANDARD BOOK NUMBER
International Standard Book Number 0890660573 (pbk.)
040 ## - CATALOGING SOURCE
Original cataloging agency DLC
Transcribing agency DLC
Modifying agency DLC
050 00 -
-- BV3793
-- .G73 1984
082 00 - DEWEY DECIMAL CLASSIFICATION NUMBER
Classification number 269.2
Edition information 19
Item number GRA
100 1# - MAIN ENTRY--PERSONAL NAME
Personal name Graham, Billy,
Dates associated with a name 1918-
9 (RLIN) 449
245 12 - TITLE STATEMENT
Title A biblical standard for evangelists /
Statement of responsibility, etc. Billy Graham.
260 ## - PUBLICATION, DISTRIBUTION, ETC.
Place of publication, distribution, etc. Minneapolis, MN :
Name of publisher, distributor, etc. World Wide Publications,
Date of publication, distribution, etc. c1984.
300 ## - PHYSICAL DESCRIPTION
Extent 131 p. ;
Dimensions 22 cm.
505 ## - FORMATTED CONTENTS NOTE
Formatted contents note c.9, Indian edition published by GLS Publishing, 2021
611 20 -
-- International Conference for Itinerant Evangelists
-- (1st :
-- 1983 :
-- Amsterdam, Netherlands)
-- 6106
650 #0 - SUBJECT ADDED ENTRY--TOPICAL TERM
Topical term or geographic name entry element Evangelists.
9 (RLIN) 6107
650 #0 - SUBJECT ADDED ENTRY--TOPICAL TERM
Topical term or geographic name entry element Evangelistic work
General subdivision Philosophy.
9 (RLIN) 2225
906 ## - LOCAL DATA ELEMENT F, LDF (RLIN)
a 7
b cbc
c orignew
d 3
e ocip
f 19
g y-gencatlg
942 ## - ADDED ENTRY ELEMENTS (KOHA)
Source of classification or shelving scheme Dewey Decimal Classification
Koha item type Books
Koha issues (borrowed), all copies 40
Holdings
Withdrawn status Lost status Source of classification or shelving scheme Damaged status Not for loan Home library Current Library Shelving location Date acquired Total checkouts Full call number Barcode Date last seen Date last checked out Copy number Price effective from Koha item type
    Dewey Decimal Classification     GRACE BIBLE COLLEGE GRACE BIBLE COLLEGE Ministry & Mission 2017-10-09 5 269.2 GRA 012603 2025-05-01 2020-01-20 c.2 2017-10-09 Books
    Dewey Decimal Classification     GRACE BIBLE COLLEGE GRACE BIBLE COLLEGE Ministry & Mission 2017-10-10 8 269.2 GRA 012602 2025-05-01 2022-01-10 c.1 2017-10-10 Books
    Dewey Decimal Classification     GRACE BIBLE COLLEGE GRACE BIBLE COLLEGE Ministry & Mission 2017-10-10 5 269.2 GRA 012604 2025-05-01 2020-01-20 c.3 2017-10-10 Books
    Dewey Decimal Classification     GRACE BIBLE COLLEGE GRACE BIBLE COLLEGE Ministry & Mission 2017-10-10 1 269.2 GRA 012605 2019-01-21 2019-01-15 c.4 2017-10-10 Books
    Dewey Decimal Classification     GRACE BIBLE COLLEGE GRACE BIBLE COLLEGE Ministry & Mission 2017-10-10 5 269.2 GRA 012606 2025-05-01 2020-01-27 c.5 2017-10-10 Books
    Dewey Decimal Classification     GRACE BIBLE COLLEGE GRACE BIBLE COLLEGE Ministry & Mission 2017-10-10 9 269.2 GRA 012607 2025-05-01 2020-02-05 c.6 2017-10-10 Books
    Dewey Decimal Classification     GRACE BIBLE COLLEGE GRACE BIBLE COLLEGE Ministry & Mission 2017-10-10 4 269.2 GRA 012608 2025-05-01 2020-01-22 c.7 2017-10-10 Books
    Dewey Decimal Classification     GRACE BIBLE COLLEGE GRACE BIBLE COLLEGE Ministry & Mission 2017-10-10 2 269.2 GRA 012610 2025-05-01 2020-01-21 c.8 2017-10-10 Books
    Dewey Decimal Classification     GRACE BIBLE COLLEGE GRACE BIBLE COLLEGE Ministry & Mission 2022-12-12 1 269.2 GRA 015939 2025-05-01 2023-03-20 c.9 2022-12-12 Books
    Dewey Decimal Classification     GRACE BIBLE COLLEGE GRACE BIBLE COLLEGE Ministry & Mission 2023-01-17   269.2 GRA 020369 2025-05-01   c.10 2023-01-17 Books
© Grace Bible College Library 2025